[Event "POL-chT3"]
[Site "Jastrzebia Gora POL"]
[Date "2015.??.??"]
[Round "2.51"]
[White "Cajbel, Maciej"]
[Black "Warszawski, Bartosz"]
[Result "1/2-1/2"]
[WhiteElo "2189"]
[BlackElo "2224"]
[EventDate "2015.??.??"]
[WhiteTitle "k"]
[BlackTitle "m"]

1.e4 c5 2.Nf3 e6 3.d4 cxd4 4.Nxd4 Nc6 5.Nc3 Qc7 6.g3 a6 7.Bg2 d6 8.O-O Bd7
9.Re1 Be7 10.Nxc6 Bxc6 11.a4 Nf6 12.Be3 O-O 13.a5 Nd7 14.Na4 Rac8 15.Nb6 
Nxb6 16.Bxb6 Qd7 17.c4 f5 18.Qd3 Bf6 19.Rab1 Bxe4 20.Bxe4 fxe4 21.Rxe4 d5 
22.Rd1 Bxb2 23.cxd5 exd5 24.Qxd5+ Qxd5 25.Rxd5 Bf6 26.h4 Rfe8 27.Rxe8+ 
Rxe8 28.Kg2 Kf7 29.Kf3 Ke6 30.Rd2 Rc8 31.Re2+ Kf7 32.Rd2 Ke6 33.Re2+ Kf7 
34.Rd2 Ke6 35.Re2+ 1/2-1/2

[Event "POL-chT3"]
[Site "Jastrzebia Gora POL"]
[Date "2015.??.??"]
[Round "2.52"]
[White "Chalupnik, Marcin"]
[Black "Czachor, Radoslaw"]
[Result "1/2-1/2"]
[WhiteElo "2210"]
[BlackElo "1994"]
[EventDate "2015.??.??"]
[WhiteTitle "k++"]
[BlackTitle "I++"]

1.e4 e5 2.Nf3 Nc6 3.Bb5 a6 4.Ba4 Nf6 5.d3 Bc5 6.O-O d6 7.c3 O-O 8.Bg5 h6 
9.Bh4 b5 10.Bb3 Be6 11.a4 b4 12.Nbd2 Rb8 13.Nc4 bxc3 14.bxc3 g5 15.Bg3 
Rxb3 16.Qxb3 Na5 17.Qc2 Nxc4 18.dxc4 Bxc4 19.Rfe1 Qa8 20.Nd2 Be6 21.Nf1 
Rb8 22.Kh1 Qc6 23.a5 Rb5 24.Qd3 Ba7 25.f3 Rb3 26.Rec1 Bc4 27.Qc2 Nh5 28.
Nd2 Rb5 29.Nxc4 Qxc4 30.Bf2 Bxf2 31.Qxf2 Nf4 32.Qf1 Qc5 33.Rc2 Rxa5 34.
Rca2 Rb5 35.Rxa6 Rb2 36.R6a2 Qxc3 37.Rc1 Qd2 38.Rxb2 Qxb2 39.Rxc7 Qd2 40.
Rc1 Nxg2 41.Rc8+ Kg7 42.Qxg2 1/2-1/2

[Event "POL-chT3"]
[Site "Jastrzebia Gora POL"]
[Date "2015.??.??"]
[Round "2.53"]
[White "Mondrzycki, Bartlomiej"]
[Black "Kaim, Piotr"]
[Result "1/2-1/2"]
[WhiteElo "2082"]
[BlackElo "2195"]
[EventDate "2015.??.??"]
[WhiteTitle "I+"]
[BlackTitle "m"]

1.b3 e5 2.Bb2 d6 3.e3 Nf6 4.d4 exd4 5.Qxd4 Nbd7 6.Nc3 g6 7.O-O-O Bg7 8.
Nge2 O-O 9.Qd2 a5 10.f3 Nc5 11.g4 a4 12.Nf4 axb3 13.axb3 c6 14.g5 Ne8 15.
h4 b5 16.Nce2 Ra2 17.Nd4 Bf5 18.Qc3 Qa8 19.Bh3 Bxh3 20.Rxh3 Ne6 21.Qxc6 
Qxc6 22.Nxc6 Bxb2+ 23.Kd2 Nxf4 24.exf4 Ng7 25.Ne7+ Kh8 26.Rh2 Nh5 27.Nd5 
Bd4 28.Kd3 Bc5 29.Re1 b4 30.Re7 Ra7 31.Rxa7 Bxa7 32.Re2 Ng3 33.Re7 Bc5 34.
Kc4 Nf5 35.Rd7 Nxh4 36.Nxb4 Bxb4 37.Kxb4 Nf5 38.Ka5 Nd4 39.b4 Ra8+ 40.Kb6 
Rb8+ 41.Rb7 Rxb7+ 42.Kxb7 Nxc2 43.b5 Na3 44.b6 Nc4 45.Ka6 Nxb6 46.Kxb6 Kg7
47.Kc6 f5 1/2-1/2

[Event "POL-chT3"]
[Site "Jastrzebia Gora POL"]
[Date "2015.??.??"]
[Round "2.54"]
[White "Bednarska-bzdega, Malgorzata"]
[Black "Zdziarska-zareba, Lidia"]
[Result "1/2-1/2"]
[WhiteElo "2052"]
[BlackElo "1913"]
[EventDate "2015.??.??"]
[WhiteTitle "WFM"]
[BlackTitle "k+"]

1.e4 c5 2.Nf3 e6 3.d4 cxd4 4.Nxd4 Nf6 5.Nc3 Nc6 6.Ndb5 d6 7.Bf4 e5 8.Bg5 
a6 9.Na3 b5 10.Bxf6 gxf6 11.Nd5 f5 12.Bd3 Be6 13.c3 fxe4 14.Bxe4 Rb8 15.
Qf3 Bg7 16.Nf4 exf4 17.Bxc6+ Bd7 18.O-O Be5 19.Nc2 O-O 20.Bxd7 Qxd7 21.Nb4
a5 22.Nd5 Qb7 23.Rad1 Kh8 24.Rd3 Rg8 25.Kh1 b4 26.Rfd1 bxc3 27.bxc3 Rbc8 
28.Nxf4 Qxf3 29.Rxf3 Rxc3 30.Rxc3 Bxc3 31.g3 Bb4 32.Rc1 Bc5 33.Kg2 Rb8 34.
Nd3 a4 35.Kf3 Kg7 36.Rc2 Rb1 37.Rc4 a3 38.Nxc5 dxc5 39.Rc3 c4 40.Rxa3 Rb2 
41.h4 c3 42.Ke3 c2 43.Kd2 c1=Q+ 44.Kxc1 Rxf2 45.Kb1 Kg6 46.Rc3 f5 47.Rc2 
Rf3 48.Rc8 Kh5 49.Rg8 h6 50.Rf8 Rxg3 51.Rxf5+ Kxh4 52.Kb2 Kg4 53.Rf8 h5 
54.a4 h4 55.a5 Kh3 56.a6 Rg7 57.Rh8 Kg3 58.Kc3 h3 59.Kc4 h2 60.Kb5 Kg2 61.
Kb6 h1=Q 62.Rxh1 Kxh1 1/2-1/2

[Event "POL-chT3"]
[Site "Jastrzebia Gora POL"]
[Date "2015.??.??"]
[Round "2.55"]
[White "Gierulski, Kamil"]
[Black "Hnydiuk, Aleksander"]
[Result "0-1"]
[WhiteElo "2145"]
[BlackElo "2354"]
[EventDate "2015.??.??"]
[WhiteTitle "k"]
[BlackTitle "IM"]

1.e4 c5 2.Nf3 d6 3.d4 Nf6 4.Nc3 cxd4 5.Nxd4 a6 6.Be2 e6 7.O-O Be7 8.a4 Nc6
9.Be3 O-O 10.f4 Qc7 11.Bf3 Rd8 12.Nb3 b6 13.a5 Nxa5 14.Nxa5 bxa5 15.Ra2 d5
16.e5 Nd7 17.Ne2 Nb6 18.Qe1 Bb4 19.c3 Be7 20.b3 a4 21.bxa4 Bd7 22.Qa1 Nc4 
23.Bd4 Rab8 24.Nc1 Rb7 25.Nd3 Rdb8 26.f5 g6 27.fxg6 fxg6 28.Raf2 Rf8 29.g3
a5 30.h4 Rbb8 31.Qd1 Rf5 32.Qe2 Rbf8 33.Ra1 Nd2 34.Bg4 Rxf2 35.Nxf2 Nb3 
36.Re1 Nxd4 37.cxd4 Qc3 38.Qe3 Bb4 39.Re2 h5 40.Qh6 Qxg3+ 41.Kf1 Qxg4 42.
Qxf8+ Kxf8 43.Nxg4 hxg4 44.Rf2+ Kg7 45.Rb2 Kh6 46.Kf2 Kh5 47.Kg3 Be1+ 48.
Kg2 Kxh4 49.Rb1 Bb4 0-1

[Event "POL-chT3"]
[Site "Jastrzebia Gora POL"]
[Date "2015.??.??"]
[Round "2.56"]
[White "Helis, Tadeusz"]
[Black "Chmiel, Marcin"]
[Result "1/2-1/2"]
[WhiteElo "2228"]
[BlackElo "2086"]
[EventDate "2015.??.??"]
[WhiteTitle "FM"]
[BlackTitle "I++"]

1.d4 d5 2.Nf3 Nf6 3.g3 Bg4 4.Bg2 Nbd7 5.Ne5 Bf5 6.O-O e6 7.c4 Bd6 8.Nxd7 
Qxd7 9.Nc3 c6 10.Bg5 Be7 11.Qa4 O-O 12.Rad1 Ne4 13.Bxe7 Nxc3 14.bxc3 Qxe7 
15.Rfe1 Rab8 16.c5 b6 17.cxb6 axb6 18.e4 dxe4 19.Bxe4 Bxe4 20.Rxe4 Qd6 21.
Qb3 b5 22.Re5 Ra8 23.Rc5 Ra6 24.c4 bxc4 25.Qxc4 Rfa8 26.Rb1 g6 27.Rb7 h5 
28.h4 Kg7 29.Kg2 Kg8 30.Kg1 Kg7 31.Re5 Kg8 32.Rc5 Kg7 33.Re5 Kg8 34.Rc5 
Kg7 35.Re5 Kg8 36.Rc5 Kg7 37.Re5 Kg8 38.Rc5 1/2-1/2

[Event "POL-chT3"]
[Site "Jastrzebia Gora POL"]
[Date "2015.??.??"]
[Round "2.57"]
[White "Miasik, Adrian"]
[Black "Osipow, Nikolaj"]
[Result "1/2-1/2"]
[WhiteElo "1754"]
[BlackElo "2117"]
[EventDate "2015.??.??"]
[WhiteTitle "I"]
[BlackTitle "k"]

1.d4 d5 2.Nf3 Nf6 3.c4 e6 4.Nc3 Be7 5.e3 O-O 6.Bd3 b6 7.O-O Bb7 8.a3 Nbd7 
9.cxd5 Nxd5 10.e4 Nxc3 11.bxc3 c5 12.Re1 Rc8 13.Qe2 Qc7 14.Bd2 e5 15.d5 c4
16.Bc2 Bd6 17.Be3 b5 18.Reb1 Qa5 19.Bd2 Nc5 20.a4 bxa4 21.Bxa4 Qc7 22.Qxc4
Ba6 23.Bb5 Bxb5 24.Rxb5 f5 25.Ng5 Qe7 26.Qa2 fxe4 27.Qxa7 Rc7 28.Qb6 h6 
29.Nh3 Nd3 30.Be3 Rxc3 31.Ra7 Rc7 32.Rxc7 Qxc7 33.Qxc7 Bxc7 34.f3 exf3 35.
d6 Bd8 36.Nf2 Nxf2 37.Bxf2 fxg2 38.Rxe5 Bf6 39.Rd5 Kf7 40.Kxg2 Ke6 41.Rd3 
Be5 42.Bg3 Bxg3 43.Rxg3 Rf7 44.Rg6+ Kf5 45.Rg3 Rd7 46.Kh3 g6 47.Rf3+ Ke5 
48.Re3+ Kxd6 49.Kg4 Re7 50.Ra3 Re4+ 51.Kf3 Re6 52.Kf4 Ke7 53.h4 Kf6 54.Ra5
Rc6 55.Ra4 h5 56.Kg3 Rc3+ 57.Kg2 Rc5 58.Rf4+ Ke5 59.Ra4 Kf5 60.Kg3 Rc3+ 
61.Kg2 Re3 62.Ra5+ Re5 63.Ra4 Re4 64.Ra5+ Kg4 65.Rg5+ Kxh4 66.Rxg6 Re2+ 
67.Kf3 Ra2 68.Rg1 Ra3+ 69.Kf4 Ra4+ 70.Kf3 Ra3+ 71.Kf4 1/2-1/2

[Event "POL-chT3"]
[Site "Jastrzebia Gora POL"]
[Date "2015.??.??"]
[Round "2.58"]
[White "Szmyd, Arkadiusz"]
[Black "Ziemniak, Piotr"]
[Result "1-0"]
[WhiteElo "2137"]
[BlackElo "1838"]
[EventDate "2015.??.??"]
[WhiteTitle "k"]
[BlackTitle "I"]

1.e4 c5 2.Nf3 d6 3.d4 cxd4 4.Nxd4 Nf6 5.Nc3 a6 6.Bg5 e6 7.f4 b5 8.e5 dxe5 
9.fxe5 Qc7 10.exf6 Qe5+ 11.Be2 Qxg5 12.O-O Ra7 13.Qd3 Rd7 14.Ne4 Qe5 15.
Nf3 Qc7 16.Qe3 Bb7 17.fxg7 Bxg7 18.c3 Nc6 19.Qg5 f5 20.Nf6+ Bxf6 21.Qxf6 
Rf8 22.Qh4 Ne5 23.Nxe5 Qxe5 24.Bh5+ Rff7 25.Bxf7+ Rxf7 26.Rad1 Qc5+ 27.Qd4
Rg7 28.Rf2 Qc7 29.Qf6 Bd5 30.Rxd5 1-0

[Event "POL-chT3"]
[Site "Jastrzebia Gora POL"]
[Date "2015.??.??"]
[Round "2.59"]
[White "Wasik, Roman"]
[Black "Knopik, Krzysztof"]
[Result "0-1"]
[WhiteElo "1531"]
[BlackElo "2150"]
[EventDate "2015.??.??"]
[WhiteTitle "II+"]
[BlackTitle "k"]

1.Nf3 Nf6 2.c4 g6 3.d4 c5 4.Nc3 Bg7 5.d5 O-O 6.e4 d6 7.h3 a6 8.Bd3 e6 9.a4
exd5 10.exd5 Re8+ 11.Be3 Bh6 12.Qd2 Qe7 13.O-O Bxe3 14.fxe3 Qxe3+ 15.Kh1 
Qxd2 16.Nxd2 Nh5 17.Rf3 f5 18.Rg1 Rf8 19.Rgf1 Nd7 20.g4 fxg4 21.hxg4 Rxf3 
22.Nxf3 Ng3+ 23.Kg2 Nxf1 24.Bxf1 Nf6 25.g5 Ne8 26.Ne4 Bf5 27.Ng3 Bc2 28.a5
b6 29.Ne1 Bb1 30.axb6 Rb8 31.Nd3 Bxd3 32.Bxd3 Rxb6 33.Ne4 Rxb2+ 34.Kf3 a5 
35.Ke3 a4 36.Be2 a3 37.Bg4 a2 0-1

[Event "POL-chT3"]
[Site "Jastrzebia Gora POL"]
[Date "2015.??.??"]
[Round "2.60"]
[White "Gonsior, Monika"]
[Black "Wasik, Justyna"]
[Result "1-0"]
[WhiteElo "1952"]
[BlackElo "1369"]
[EventDate "2015.??.??"]
[WhiteTitle "m"]
[BlackTitle "I"]

1.e4 d6 2.d4 g6 3.Bc4 Bg7 4.Ne2 Nc6 5.O-O Nf6 6.Ng3 Bd7 7.f4 O-O 8.d5 Na5 
9.Be2 b5 10.Bf3 c5 11.Qe2 e6 12.dxe6 Bxe6 13.Rd1 Re8 14.e5 Bc4 15.Qf2 Nh5 
16.Nxh5 gxh5 17.Bxa8 Qxa8 18.Rxd6 Kh8 19.b3 Bd5 20.Bd2 b4 21.a3 Be4 22.
axb4 Nb7 23.Rd7 f5 24.bxc5 Qc8 25.Qd4 Re6 26.Rxa7 Bf8 27.b4 Rg6 28.g3 h4 
29.e6+ Bg7 30.Rxg7 Rxg7 31.Bc3 Qc7 32.Qxg7+ Qxg7 33.Ra8+ Nd8 34.Rxd8# 1-0

[Event "POL-chT3"]
[Site "Jastrzebia Gora POL"]
[Date "2015.??.??"]
[Round "2.61"]
[White "Kaczmarek, Aleksander"]
[Black "Banasik, Krzysztof"]
[Result "1-0"]
[WhiteElo "2294"]
[BlackElo "2220"]
[EventDate "2015.??.??"]
[WhiteTitle "FM"]
[BlackTitle "k"]

1.e4 e6 2.d4 d5 3.e5 c5 4.c3 Nc6 5.Nf3 Bd7 6.Bd3 Rc8 7.dxc5 Bxc5 8.O-O f6 
9.b4 Be7 10.Re1 Nxe5 11.Nxe5 fxe5 12.Qh5+ Kf8 13.Qxe5 Bf6 14.Qg3 e5 15.Bb2
e4 16.Bf1 Ne7 17.Qe3 Qb6 18.Qd2 Bf5 19.Na3 a5 20.bxa5 Qxa5 21.Nb5 Bd7 22.
a4 Bxb5 23.axb5 Qb6 24.c4 dxc4 25.Bxf6 Qxf6 26.Ra4 c3 27.Qc1 g6 28.Raxe4 
1-0

[Event "POL-chT3"]
[Site "Jastrzebia Gora POL"]
[Date "2015.??.??"]
[Round "2.62"]
[White "Tustanowski, Robert"]
[Black "Bakalarz, Leszek"]
[Result "1-0"]
[WhiteElo "2226"]
[BlackElo "2124"]
[EventDate "2015.??.??"]
[WhiteTitle "m"]
[BlackTitle "FM"]

1.e4 c5 2.Nf3 d6 3.c3 Nf6 4.Be2 g6 5.O-O Bg7 6.Re1 O-O 7.Bf1 Nc6 8.h3 e5 
9.d3 d5 10.Nbd2 h6 11.exd5 Nxd5 12.Nc4 Re8 13.a4 Nb6 14.Ne3 a5 15.Nd2 Be6 
16.Ndc4 Nxc4 17.dxc4 Qxd1 18.Rxd1 f5 19.Nd5 Rac8 20.Ra3 Red8 21.Rb3 Rd7 
22.Be3 Kh7 23.Bxc5 e4 24.Rb5 g5 25.Be2 Kg6 26.Bb6 f4 27.Bxa5 Ra8 28.Bb4 
Rxa4 29.Re1 Ra6 30.Bd1 Na7 31.Bc2 Bf5 32.Ra5 Rxa5 33.Bxa5 Nc6 34.Bb6 Ne5 
35.Bxe4 Nxc4 36.Ne7+ Rxe7 37.Bxf5+ Kf7 38.Bg6+ Kxg6 39.Rxe7 Nxb6 40.Re6+ 
1-0

[Event "POL-chT3"]
[Site "Jastrzebia Gora POL"]
[Date "2015.??.??"]
[Round "2.63"]
[White "Harazinska, Ewa"]
[Black "Szczesniak, Konrad"]
[Result "1-0"]
[WhiteElo "2055"]
[BlackElo "2156"]
[EventDate "2015.??.??"]
[WhiteTitle "WFM"]
[BlackTitle "k"]

1.d4 Nf6 2.c4 g6 3.Nc3 Bg7 4.e4 d6 5.Be2 O-O 6.Nf3 e5 7.O-O Nc6 8.d5 Ne7 
9.b4 Ne8 10.Nd2 f5 11.c5 Rf7 12.a4 Bf8 13.Ba3 Kh8 14.Nc4 Ng8 15.b5 Ngf6 
16.f3 f4 17.a5 b6 18.cxb6 cxb6 19.Bb4 Rb8 20.axb6 axb6 21.Ra3 g5 22.Qa1 g4
23.Ra8 Qc7 24.Rxb8 Qxb8 25.Qb2 h5 26.Na4 h4 27.Naxb6 h3 28.Nxc8 hxg2 29.
Rc1 Nxe4 30.fxe4 f3 31.N4xd6 Nxd6 32.Qxe5+ Bg7 33.Qh5+ Kg8 34.Qxg4 fxe2 
35.Kxg2 Kh7 36.Bxd6 Qxb5 37.Qh5+ Kg8 38.Ne7+ Rxe7 39.Rc8+ Bf8 40.Qg6+ 1-0

[Event "POL-chT3"]
[Site "Jastrzebia Gora POL"]
[Date "2015.??.??"]
[Round "2.64"]
[White "Siekaniec, Jan"]
[Black "Jedras, Piotr"]
[Result "1-0"]
[WhiteElo "2096"]
[BlackElo "2030"]
[EventDate "2015.??.??"]
[WhiteTitle "k"]
[BlackTitle "I+"]

1.e4 c5 2.Nf3 d6 3.d4 cxd4 4.Nxd4 Nf6 5.Nc3 g6 6.Be2 Bg7 7.O-O Nc6 8.Nb3 
O-O 9.f4 Be6 10.Bf3 Na5 11.Kh1 Nc4 12.Qe2 Rc8 13.Nd5 Bd7 14.c3 Bb5 15.Re1 
Nxd5 16.exd5 Re8 17.Qf2 a5 18.Nd4 Bd7 19.b3 Nb6 20.Bb2 Qc7 21.c4 a4 22.h4 
Qc5 23.Qd2 e5 24.dxe6 fxe6 25.Bxb7 Rb8 26.Bf3 e5 27.Nb5 Bxb5 28.cxb5 Bh6 
29.g3 Qxb5 30.Qxd6 Rbd8 31.Qc6 Qxc6 32.Bxc6 Re6 33.Bg2 Bg7 34.fxe5 axb3 
35.axb3 Rd3 36.Ra6 Rxb3 37.Bd4 h6 38.Bh3 Re7 39.Rxb6 Rxb6 40.Bxb6 Rxe5 41.
Rxe5 Bxe5 42.Kg2 Kg7 43.Bd8 Bd6 44.Be6 Be5 45.Kf3 h5 46.Bg5 Bd4 47.Ke4 Bc3
1-0

[Event "POL-chT3"]
[Site "Jastrzebia Gora POL"]
[Date "2015.??.??"]
[Round "2.65"]
[White "Koziej, Maciej"]
[Black "Tustanowski, Mateusz"]
[Result "1-0"]
[WhiteElo "1985"]
[BlackElo "1922"]
[EventDate "2015.??.??"]
[WhiteTitle "I++"]
[BlackTitle "I"]

1.e4 e5 2.Nf3 Nc6 3.Nc3 Nf6 4.a3 Bc5 5.Nxe5 Nxe5 6.d4 Bd6 7.f4 Ng6 8.e5 
Qe7 9.Be2 O-O 10.O-O b6 11.exd6 Qxd6 12.f5 Ne7 13.Bf4 Qc6 14.Bb5 Qb7 15.
Bg5 Ned5 16.Rf3 Nxc3 17.bxc3 Ne4 18.Be7 Re8 19.f6 Qd5 20.c4 Qg5 21.Qd3 Qg6
22.Raf1 c6 23.Ba4 Ba6 24.d5 b5 25.cxb5 cxb5 26.Bb3 Rxe7 27.fxe7 b4 28.Bc4 
Bxc4 29.Qxc4 Nd2 30.Qc7 Nxf3+ 31.Rxf3 Qb6+ 32.Qxb6 axb6 33.Re3 Re8 34.axb4
d6 35.c4 f6 36.c5 bxc5 37.bxc5 dxc5 38.d6 Kf7 39.d7 Rxe7 40.Rd3 c4 41.Rd1 
1-0

[Event "POL-chT3"]
[Site "Jastrzebia Gora POL"]
[Date "2015.??.??"]
[Round "2.66"]
[White "Kubicka, Anna"]
[Black "Harazinska, Magdalena"]
[Result "1-0"]
[WhiteElo "2171"]
[BlackElo "1819"]
[EventDate "2015.??.??"]
[WhiteTitle "m"]
[BlackTitle "I++"]

1.e4 c5 2.Nf3 e6 3.d4 cxd4 4.Nxd4 a6 5.Bd3 Qc7 6.O-O Nf6 7.Qe2 d6 8.c4 Be7
9.f4 Nbd7 10.Nc3 O-O 11.g4 Nc5 12.Bc2 g6 13.g5 Ne8 14.f5 exf5 15.exf5 Bd8 
16.b4 Nd7 17.Nd5 Qb8 18.fxg6 hxg6 19.Ne6 Ne5 20.Nxf8 Kxf8 21.Bxg6 Bh3 22.
Qh5 Nxg6 23.Qxg6 Bxf1 24.Qh6+ Kg8 25.Bb2 f6 26.g6 Qa7+ 27.Kxf1 b5 28.Re1 
1-0

[Event "POL-chT3"]
[Site "Jastrzebia Gora POL"]
[Date "2015.??.??"]
[Round "2.67"]
[White "Snihur, Piotr"]
[Black "Zochowski, Kacper"]
[Result "1/2-1/2"]
[WhiteElo "2246"]
[BlackElo "2230"]
[EventDate "2015.??.??"]
[WhiteTitle "k"]
[BlackTitle "k"]

1.d4 Nf6 2.c4 e6 3.Nc3 Bb4 4.Qc2 d5 5.cxd5 exd5 6.Bg5 O-O 7.e3 h6 8.Bh4 b6
9.Nf3 Bb7 10.Bd3 Be7 11.O-O Nbd7 12.Rfd1 Nh5 13.Bxe7 Qxe7 14.Rac1 Nhf6 15.
Qa4 Rfc8 16.Ba6 Bxa6 17.Qxa6 c6 18.Rc2 Qe6 19.Rdc1 c5 20.Na4 Ne4 21.dxc5 
Ndxc5 22.Nxc5 bxc5 23.Qxe6 fxe6 24.Nd4 Re8 25.Nb5 Rab8 26.Nc7 Re7 27.Na6 
Rb6 28.Nxc5 Nxc5 29.Rxc5 Rxb2 30.R5c2 Rb4 31.Kf1 Kf7 32.Rc7 Ra4 33.Rxe7+ 
Kxe7 34.Rc2 Kf6 35.Ke2 g5 36.h3 h5 37.Kd3 g4 38.hxg4 Rxg4 39.g3 Ra4 40.Kc3
Rc4+ 41.Kd3 Rb4 42.Kc3 Rb1 43.Rb2 Ra1 44.Kd3 Ke5 45.Rc2 1/2-1/2

[Event "POL-chT3"]
[Site "Jastrzebia Gora POL"]
[Date "2015.??.??"]
[Round "2.68"]
[White "Smieszek, Wojciech"]
[Black "Szadkowski, Kamil"]
[Result "1-0"]
[WhiteElo "2154"]
[BlackElo "2216"]
[EventDate "2015.??.??"]
[WhiteTitle "k"]
[BlackTitle "k+"]

1.e4 c5 2.Nf3 Nc6 3.d4 cxd4 4.Nxd4 e6 5.Nc3 Qc7 6.Be3 a6 7.Qd2 b5 8.O-O-O 
Nf6 9.Nxc6 Qxc6 10.f3 Bb7 11.g4 b4 12.Ne2 d5 13.g5 Nd7 14.Nd4 Qc7 15.Bh3 
Nc5 16.Bf4 Qb6 17.Rhe1 O-O-O 18.Bg3 Rd7 19.e5 Be7 20.Kb1 Kb8 21.Bf2 Qc7 
22.Nb3 h6 23.g6 fxg6 24.Qd4 Rc8 25.Bxe6 1-0

[Event "POL-chT3"]
[Site "Jastrzebia Gora POL"]
[Date "2015.??.??"]
[Round "2.69"]
[White "Szadkowski, Krzysztof"]
[Black "Borawski, Jakub"]
[Result "0-1"]
[WhiteElo "2107"]
[BlackElo "2020"]
[EventDate "2015.??.??"]
[WhiteTitle "k"]
[BlackTitle "I++"]

1.e4 e5 2.Nf3 Nc6 3.Bb5 a6 4.Ba4 Nf6 5.O-O Be7 6.d4 b5 7.Bb3 d6 8.dxe5 
dxe5 9.Qxd8+ Bxd8 10.Be3 Bb7 11.Nbd2 Be7 12.c3 O-O 13.Rfe1 Ng4 14.Bg5 Bxg5
15.Nxg5 Ne7 16.Ndf3 Ng6 17.Rad1 Nf6 18.h4 Bc6 19.Bd5 Bxd5 20.exd5 h6 21.
Nh3 Rfe8 22.g3 Rad8 23.c4 bxc4 24.Rc1 e4 25.Nd2 Ne5 26.Rc2 Rxd5 27.Re2 Rd4
28.Kg2 Red8 29.Nf4 Nd3 30.Nxc4 Nxf4+ 31.gxf4 Nh5 32.Red2 Nxf4+ 33.Kh2 Rxd2
34.Nxd2 f5 35.Nb3 Rd3 36.Rc5 Rf3 37.Rxf5 Rxf2+ 38.Kg3 Rf3+ 39.Kh2 e3 40.
Re5 Rh3+ 41.Kg1 Rg3+ 42.Kh1 Nd3 0-1

[Event "POL-chT3"]
[Site "Jastrzebia Gora POL"]
[Date "2015.??.??"]
[Round "2.70"]
[White "Czaplewska, Klara"]
[Black "Kwiatkowski, Wiktor"]
[Result "1-0"]
[WhiteElo "1914"]
[BlackElo "1941"]
[EventDate "2015.??.??"]
[WhiteTitle "I++"]
[BlackTitle "I"]

1.e4 c5 2.Nf3 d6 3.d4 cxd4 4.Nxd4 Nf6 5.Nc3 e6 6.f4 Nc6 7.Nxc6 bxc6 8.Qf3 
Rb8 9.b3 Be7 10.Bb2 O-O 11.O-O-O Qa5 12.g4 e5 13.f5 d5 14.Kb1 d4 15.Na4 
Nd7 16.h4 Ba6 17.g5 Bb5 18.f6 gxf6 19.Bh3 fxg5 20.Bxd7 gxh4 21.Rdg1+ Kh8 
22.Qh5 f5 23.Bxf5 Rxf5 24.Qxf5 1-0

[Event "POL-chT3"]
[Site "Jastrzebia Gora POL"]
[Date "2015.??.??"]
[Round "2.71"]
[White "Matlewski, Adam"]
[Black "Dmochowska, Agnieszka"]
[Result "1-0"]
[WhiteElo "1802"]
[BlackElo "1973"]
[EventDate "2015.??.??"]
[WhiteTitle "I"]
[BlackTitle "WCM"]

1.d4 Nf6 2.c4 e6 3.Nf3 Bb4+ 4.Bd2 a5 5.a3 Bxd2+ 6.Qxd2 O-O 7.g3 d5 8.Bg2 
Nc6 9.Ne5 a4 10.Nxc6 bxc6 11.Nc3 Ba6 12.cxd5 exd5 13.O-O Re8 14.Rfc1 Qd6 
15.e3 Bc4 16.Bf3 c5 17.dxc5 Qxc5 18.Nxa4 Rxa4 19.b3 Rxa3 20.Rxa3 Qxa3 21.
bxc4 Ne4 22.Bxe4 dxe4 23.Rd1 Qf8 24.Qd5 Qe7 25.Qc6 Rc8 26.Rd4 f5 27.Rd5 g6
28.Rd7 Qe5 29.Rxh7 1-0

[Event "POL-chT3"]
[Site "Jastrzebia Gora POL"]
[Date "2015.??.??"]
[Round "2.72"]
[White "Burakowska, Gabriela"]
[Black "Miturova, Magdalena"]
[Result "1/2-1/2"]
[WhiteElo "1783"]
[BlackElo "2173"]
[EventDate "2015.??.??"]
[WhiteTitle "I++"]
[BlackTitle "WFM"]

1.d4 Nf6 2.c4 e6 3.Nc3 Bb4 4.f3 d5 5.a3 Bxc3+ 6.bxc3 Nbd7 7.Bg5 h6 8.Bh4 
c5 9.e3 Qa5 10.Qd2 O-O 11.Bd3 Re8 12.Ne2 Qa4 13.cxd5 exd5 14.O-O b6 15.
Rfb1 Ba6 16.Bxf6 Bxd3 17.Qxd3 Nxf6 18.dxc5 bxc5 19.Nf4 Red8 20.Rb7 Rac8 
21.h4 a5 22.Qb5 Qxb5 23.Rxb5 d4 24.exd4 cxd4 25.cxd4 Rxd4 26.Ne2 Rd2 27.
Kf1 Rcc2 28.Re5 a4 29.Ke1 Nd5 30.Rd1 Rxd1+ 31.Kxd1 Rc5 32.Re4 Nb6 33.Rb4 
Nc4 34.Ke1 Nxa3 35.Rxa4 Nc4 36.Kf2 g6 37.Rb4 Nd6 38.Rd4 Nf5 39.Re4 Kg7 40.
Nd4 Nxd4 41.Rxd4 1/2-1/2

[Event "POL-chT3"]
[Site "Jastrzebia Gora POL"]
[Date "2015.??.??"]
[Round "2.73"]
[White "Niekras, Dawid"]
[Black "Andrejczuk, Beata"]
[Result "1-0"]
[WhiteElo "2097"]
[BlackElo "2136"]
[EventDate "2015.??.??"]
[WhiteTitle "k"]
[BlackTitle "WFM"]

1.e4 d5 2.exd5 Qxd5 3.Nc3 Qa5 4.d4 c6 5.Nf3 Nf6 6.Bc4 Bg4 7.h3 Bh5 8.Bd2 
Qc7 9.Qe2 Nbd7 10.g4 Bg6 11.O-O-O e6 12.Ne5 Nxe5 13.dxe5 Nd5 14.f4 O-O-O 
15.h4 h5 16.f5 exf5 17.Bxd5 cxd5 18.Bg5 Be7 19.Bxe7 Qxe7 20.Nxd5 Qc5 21.b4
Qf8 22.Qc4+ Kb8 23.Qc7+ Ka8 24.Rh3 Rxd5 25.Rxd5 fxg4 26.Ra3 a6 27.Rxa6+ 
bxa6 28.Rd7 1-0

[Event "POL-chT3"]
[Site "Jastrzebia Gora POL"]
[Date "2015.??.??"]
[Round "2.74"]
[White "Pazderski, Ziemowit"]
[Black "Stachowiak, Slawomir"]
[Result "1-0"]
[WhiteElo "2249"]
[BlackElo "1926"]
[EventDate "2015.??.??"]
[WhiteTitle "k+"]
[BlackTitle "I"]

1.d4 d5 2.Nf3 e6 3.c4 Nd7 4.Nc3 Ngf6 5.Bf4 c6 6.e3 Be7 7.h3 Qa5 8.Nd2 Bb4 
9.Qc1 Ne4 10.Ncxe4 dxe4 11.a3 Bxd2+ 12.Qxd2 Qxd2+ 13.Kxd2 O-O 14.Rd1 Re8 
15.Kc3 b6 16.g4 Bb7 17.Bg2 c5 18.dxc5 Nxc5 19.b4 e5 20.Bg3 Na6 21.Rd7 Rab8
22.g5 Kf8 23.Rhd1 Re6 24.h4 h5 25.gxh6 gxh6 26.h5 f6 27.Bh4 Bc6 28.Rxa7 
Bb7 29.Rd7 Re7 30.Rxe7 Kxe7 31.Bxe4 Rc8 32.Rxb7+ Rc7 33.Rxb6 Ra7 34.Bxf6+ 
Kf8 35.Bd5 Nc7 36.Rb8+ Ne8 37.a4 e4 38.Bd4 Rxa4 39.Rxe8+ 1-0

[Event "POL-chT3"]
[Site "Jastrzebia Gora POL"]
[Date "2015.??.??"]
[Round "2.75"]
[White "Bajerlein, Dawid"]
[Black "Maciaga, Marcin"]
[Result "1-0"]
[WhiteElo "2060"]
[BlackElo "2101"]
[EventDate "2015.??.??"]
[WhiteTitle "k"]
[BlackTitle "k+"]

1.d4 Nf6 2.c4 e6 3.Nc3 Bb4 4.Qc2 d5 5.cxd5 exd5 6.Bg5 h6 7.Bh4 c5 8.Nf3 
Nc6 9.e3 g5 10.Bg3 Ne4 11.dxc5 Qa5 12.Nd2 Be6 13.Rc1 Nxg3 14.hxg3 d4 15.
Nce4 O-O-O 16.a3 dxe3 17.fxe3 Bxd2+ 18.Nxd2 Rd7 19.Qc3 Rhd8 20.Ne4 Qxc3+ 
21.bxc3 Ne5 22.Nd6+ Kb8 23.Rxh6 Rc7 24.Rb1 Ka8 25.a4 Ng4 26.Rh7 Nxe3 27.
Bd3 Bd5 28.Be4 Rxc5 29.Bxd5 Rxd5 30.Nxf7 Re8 31.Rh8 Rxh8 32.Nxh8 g4 33.Rb5
Rd8 34.Ng6 Nxg2+ 35.Ke2 a6 36.Rf5 Rc8 37.Rf8 Rxf8 38.Nxf8 Kb8 39.Kf2 Kc7 
40.Kxg2 Kd6 41.Kf2 Kc5 42.Ke3 Kc4 43.Kd2 Kb3 44.Nd7 Kxa4 45.Nc5+ Kb5 46.
Nxb7 1-0

[Event "POL-chT3"]
[Site "Jastrzebia Gora POL"]
[Date "2015.??.??"]
[Round "2.76"]
[White "Szustakowski, Antoni"]
[Black "Bernat, Marcin"]
[Result "1/2-1/2"]
[WhiteElo "2030"]
[BlackElo "2105"]
[EventDate "2015.??.??"]
[WhiteTitle "I"]
[BlackTitle "k"]

1.Nf3 c5 2.c4 g6 3.d4 cxd4 4.Nxd4 Bg7 5.e4 Nc6 6.Be3 Nf6 7.Nc3 Ng4 8.Qxg4 
Nxd4 9.Qd1 Ne6 10.Qd2 d6 11.Be2 Bd7 12.O-O Qa5 13.Rfc1 Bc6 14.f3 O-O 15.
Rab1 Rfc8 16.b4 Qd8 17.Nd5 b6 18.f4 Nf8 19.Bf3 e6 20.Nc3 Qe7 21.Nb5 Rd8 
22.Rd1 d5 23.exd5 exd5 24.Qf2 Bxb5 25.cxb5 Rac8 26.Rxd5 Rxd5 27.Bxd5 Rc3 
28.Bd4 Bxd4 29.Qxd4 Re3 30.h3 Re1+ 31.Rxe1 Qxe1+ 32.Kh2 Qe7 33.a3 Nd7 34.
Bc6 Nf6 35.Qe5 Qd8 36.a4 h6 37.Bf3 Kg7 38.g4 Qd2+ 39.Bg2 g5 40.fxg5 Qxg5 
41.Qxg5+ hxg5 42.Bc6 Ng8 43.Kg3 Kf6 44.Bd5 Ne7 45.Bb3 Nc8 46.h4 gxh4+ 47.
Kxh4 Nd6 48.g5+ Kf5 49.Kh5 Ke5 50.Kh6 Kf4 51.Bc2 Ne8 52.Bb3 Nd6 53.Bc2 Ne8
1/2-1/2

[Event "POL-chT3"]
[Site "Jastrzebia Gora POL"]
[Date "2015.??.??"]
[Round "2.77"]
[White "Glatty, Zbigniew"]
[Black "Krasiewicz, Robert"]
[Result "1/2-1/2"]
[WhiteElo "1908"]
[BlackElo "2027"]
[EventDate "2015.??.??"]
[WhiteTitle "I"]
[BlackTitle "k+"]

1.e4 e6 2.d4 d5 3.Nc3 Bb4 4.e5 c5 5.a3 Bxc3+ 6.bxc3 Qa5 7.Bd2 Qa4 8.Qg4 g6
9.Ra2 b6 10.Nf3 Ba6 11.Bd3 Nc6 12.Qf4 Bxd3 13.cxd3 Qb5 14.Ke2 c4 15.Rd1 
cxd3+ 16.Kf1 h6 17.a4 Qc4 18.Ra3 Nge7 19.Ne1 Na5 20.Rb1 Qa6 21.Rb5 Nc4 22.
Ra2 Nf5 23.Rb4 Rc8 24.g4 g5 25.Qf3 Nh4 26.Qxd3 Nxd2+ 27.Rxd2 Qxd3+ 28.Rxd3
Ng6 29.a5 Nf4 30.Re3 Rc6 31.axb6 axb6 32.Ra4 O-O 33.Ng2 Nxg2 34.Kxg2 Rfc8 
35.Ra3 Rc4 36.Rf3 R8c7 37.Rb3 b5 38.Rd3 Ra7 39.Kf3 Raa4 40.Ke3 b4 41.cxb4 
Rcxb4 42.Rxb4 Rxb4 43.f4 Rb2 44.fxg5 Rxh2 45.gxh6 Rxh6 46.Kf4 Kg7 47.Kg5 
Rh1 48.Rd2 Rf1 49.Rd3 Re1 50.Rd2 Re4 51.Rd3 Re1 52.Rd2 Rh1 53.Rd3 Rh6 54.
Ra3 Rg6+ 55.Kh4 Rh6+ 56.Kg5 Rh2 57.Rd3 Re2 58.Rd1 Re4 59.Rd3 Kf8 60.Rd2 
Kg7 1/2-1/2